Kitab-o-dowa kitab-o-zikar (Record no. 71001)

000 -LEADER
fixed length control field 00487nam a22001817a 4500
003 - CONTROL NUMBER IDENTIFIER
control field NUST - PNEC
005 - DATE AND TIME OF LATEST TRANSACTION
control field 20170116181152.0
008 - FIXED-LENGTH DATA ELEMENTS--GENERAL INFORMATION
fixed length control field 151202b xxu||||| |||| 00| 0 eng d
020 ## - INTERNATIONAL STANDARD BOOK NUMBER
International Standard Book Number -
040 ## - CATALOGING SOURCE
Transcribing agency LIBRARY
082 ## - DEWEY DECIMAL CLASSIFICATION NUMBER
Classification number 297 MAU
100 ## - MAIN ENTRY--PERSONAL NAME
9 (RLIN) 15522
Personal name Maududi, Syed Abu Ala
245 ## - TITLE STATEMENT
Title Kitab-o-dowa kitab-o-zikar
Statement of responsibility, etc. Syed Abu Ala Maududi
260 ## - PUBLICATION, DISTRIBUTION, ETC.
Place of publication, distribution, etc. Lahore:
Name of publisher, distributor, etc. Al Badar Publications,
Date of publication, distribution, etc. 2013
300 ## - PHYSICAL DESCRIPTION
Extent 119 p. :
Dimensions 21 cm.
650 ## - SUBJECT ADDED ENTRY--TOPICAL TERM
9 (RLIN) 15523
Topical term or geographic name entry element Islam
General subdivision General
942 ## - ADDED ENTRY ELEMENTS (KOHA)
Source of classification or shelving scheme
Koha item type Book
Holdings
Withdrawn status Lost status Source of classification or shelving scheme Damaged status Not for loan Permanent Location Current Location Shelving location Date acquired Source of acquisition Total Checkouts Full call number Barcode Date last seen Date last checked out Price effective from Koha item type
          Pakistan Navy Engineering College (PNEC) Pakistan Navy Engineering College (PNEC)   11/30/2015 Donated 1 297 MAU PNECLIB-032369 05/09/2016 05/04/2016 12/02/2015 Book
© 2023 Central Library, National University of Sciences and Technology. All Rights Reserved.